Guía para la evaluación del abuso sexual infantil /

Obra que indaga en las causas y circunstancias que rodean al abuso sexual en niños y analiza las estrategias e instrumentos para conseguir que la víctima pueda dar cuenta del hecho con la mayor veracidad posible.

Guardado en:
Detalles Bibliográficos
Autor principal: Cantón Duarte, José (autor)
Otros autores: Cortés Arboleda, María del Rosario (autor) (autor)
Formato: Libro
Idioma:Español
Publicado: Madrid, España : Pirámide, 2000, c2000
Colección:(Psicología Pirámide)
Temas:
Etiquetas: Agrega una etiqueta
Sin etiquetas, Sé el primero en etiquetar este registro!

MARC

LEADER 00000nam^a2200000^a^4500
001 000113915
005 20250521000000.0
009 20260310094000.129
020 |a 84-368-1433-9 
037 |a Acervo ITESO - Biblioteca 
041 |a ESP 
082 |a 616. 85836  |b CAN 
100 |a Cantón Duarte, José  |e (autor) 
245 1 0 |a Guía para la evaluación del abuso sexual infantil /  |c J. Cantón Duarte, M.R. Cortés Arboleda ; pról. de Luis Portero García. 
264 4 |a Madrid, España :  |b Pirámide,  |c 2000, c2000 
300 |a 266 p. 
336 |a texto  |b txt  |2 rdacontenido 
337 |a sin mediación  |b n  |2 rdamedio 
338 |a volumen  |b nc  |2 rdasoporte 
440 1 |a (Psicología Pirámide) 
520 |a Obra que indaga en las causas y circunstancias que rodean al abuso sexual en niños y analiza las estrategias e instrumentos para conseguir que la víctima pueda dar cuenta del hecho con la mayor veracidad posible. 
649 |a XX 
650 |a Niños 
650 |a Abuso Sexual 
650 |a Abuso Sexual Infantil 
650 |a Violencia 
650 |a Conducta Antisocial 
650 |a Delitos Sexuales 
650 |a Problemas Sociales 
650 |a Psicopatología 
650 |a Psicoterapia 
650 |a Psicología Clínica 
650 |a Sociología 
700 |a Cortés Arboleda, María del Rosario  |e (autor) 
910 |a Fondo General 
920 |a Impresos - Libros 
930 |a Colección General 
905 |a 101 
901 |a 0500049795  |b IT1  |c ACC  |u 20250521 
902 |a https://opac.biblio.iteso.mx/vufind/Record/000113915